Les Mers du monde - Mort subite - Statistiques

Statistiques générales
  • Ce quiz a été pris 584 fois
  • Le résultat moyen est 8 sur 20
Answers on the Grid
Answers color-coded by a green-red scale on the quiz's grid according to % correct below.
Mer d'Alboran
Mer Baltique
Mer Adriatique
Mer Égée
Mer d'Azov
Mer Noire
Mer Rouge
Mer Caspienne
Mer Jaune
Mer de Chine orientale
Mer de l'Est
Mer de Kara
Mer Blanche
Mer de Norvège
Mer du Labrador
Mer d'Arabie
Mer de Corail
Mer de Tasman
Mer Ionienne
Mer du Nord
Mer Septentrionale
Mer Glaciale
Mer de Tver
Mer des Grandes Canaries
Mer des Antilles
Mer de Galápagos
Mer Tylienne
Mer Argentée
Mer de Finlande
Mer Kréddi
 
Statistiques - réponses
Réponse % Correct
Mer Noire
76%
Mer Rouge
76%
Mer du Nord
70%
Mer Baltique
67%
Mer Caspienne
65%
Mer Égée
63%
Mer Adriatique
60%
Mer de Chine orientale
43%
Mer d'Arabie
36%
Mer Ionienne
33%
Mer Jaune
33%
Mer de Corail
32%
Mer de Norvège
32%
Mer d'Azov
29%
Mer de Tasman
27%
Mer Blanche
22%
Mer du Labrador
18%
Mer de Kara
12%
Mer d'Alboran
10%
Mer de l'Est
8%
Aucun quiz correspondant
Distribution des résultats
% des personnes avec chaque résultat
Percentile par nombre de réponses
Votre historique - résultats
Vous n’avez pas pris ce quiz